[Event "DEM U18w 2019"]
[Site "Willingen GER"]
[Date "2019.06.10"]
[Round "3"]
[White "Gauchel, Verena"]
[Black "Fuchs, Emily"]
[Result "0-1"]
[Termination "normal"]
[Board "11"]
[WhiteElo "1534"]
[BlackElo "1384"]
[WhiteClock "00:21:52"]
[BlackClock "00:31:19"]
[PlyCount "114"]
[WhiteFideId "12988537"]
[BlackFideId "16208986"]
[EventCountry "GER"]
[EventRounds "9"]
[EventType "swiss"]
[EventDate "2019.06.08"]

1. d4 Nf6 2. c4 e6 3. Nc3 Bb4 4. Qc2 b6 5. Nf3 Bb7 6. a3 Bxc3+ 7. Qxc3 Ne4 8.
Qc2 f5 9. e3 d6 10. Bd3 O-O 11. b4 Nd7 12. Bb2 c5 13. dxc5 dxc5 14. O-O Qe7 15.
Nd2 Nxd2 16. Qxd2 Nf6 17. f3 Rad8 18. Qc3 Nh5 19. b5 Qg5 20. Bc2 Rf6 21. Qe1
Rg6 22. Qe2 Rh6 23. Be5 f4 24. exf4 Nxf4 25. Bxf4 Qxf4 26. g3 Rd2 27. gxf4 Rxe2
28. Be4 Bxe4 29. fxe4 Rxe4 30. Rac1 Rf6 31. Rc3 Rfxf4 32. Rxf4 Rxf4 33. Kg2 Kf7
34. Kg3 Rd4 35. h3 e5 36. Kf3 Ke6 37. Ke3 Kf5 38. Kf3 g5 39. Kg3 e4 40. Kf2 h5
41. Ke3 Rd3+ 42. Rxd3 exd3 43. Kxd3 Kf4 44. a4 Kf3 45. Kd2 g4 46. hxg4 hxg4 47.
Ke1 g3 48. Kf1 g2+ 49. Kg1 Ke3 50. Kxg2 Kd4 51. Kf2 Kxc4 52. Ke3 Kb4 53. Kd3
c4+ 54. Kc2 Kxa4 55. Kc3 Kxb5 56. Kb2 Kc5 57. Kc2 b5 0-1

[Event "DEM U18w 2019"]
[Site "Willingen GER"]
[Date "2019.06.10"]
[Round "3"]
[White "Kümmel, Tina"]
[Black "Gesell, Patricia"]
[Result "1-0"]
[Termination "normal"]
[Board "13"]
[WhiteElo "1446"]
[BlackElo "1046"]
[WhiteClock "00:34:13"]
[BlackClock "00:24:56"]
[PlyCount "107"]
[WhiteFideId "12979368"]
[BlackFideId "16286960"]
[EventCountry "GER"]
[EventRounds "9"]
[EventType "swiss"]
[EventDate "2019.06.08"]

1. d4 c5 2. d5 b5 3. g3 Bb7 4. e4 Nf6 5. Bg2 d6 6. Ne2 e6 7. dxe6 fxe6 8. Nf4
Qc8 9. Qe2 a6 10. Nd2 Be7 11. Bh3 Qc6 12. Bxe6 Nbd7 13. Nd5 Nf8 14. Nxf6+ Bxf6
15. Bd5 Qc7 16. Bxb7 Qxb7 17. O-O Ng6 18. Qg4 Rd8 19. c3 Qd7 20. Qxd7+ Rxd7 21.
f4 O-O 22. Nf3 Re7 23. Rd1 Rxe4 24. Rxd6 Ra8 25. Bd2 Re2 26. Kf1 Ree8 27. Re1
Rxe1+ 28. Bxe1 b4 29. Rc6 Be7 30. Bf2 Nf8 31. Bxc5 Bxc5 32. Rxc5 Rb8 33. cxb4
Rxb4 34. b3 Nd7 35. Rc7 Nf6 36. Ne5 Kf8 37. Rc8+ Ne8 38. Ra8 Rd4 39. Rxa6 Rd1+
40. Ke2 Rh1 41. h4 Nf6 42. Ra7 Nd5 43. Rf7+ Kg8 44. Rd7 Nxf4+ 45. gxf4 Kf8 46.
Nf3 Ra1 47. a4 Ra3 48. Rb7 Kg8 49. Ng5 g6 50. Nxh7 Ra2+ 51. Kf3 Rd2 52. a5 Rd6
53. b4 Kh8 54. b5 1-0

[Event "DEM U18w 2019"]
[Site "Willingen GER"]
[Date "2019.06.11"]
[Round "4"]
[White "Mönster, Madita"]
[Black "Ziegenfuß, Antonia"]
[Result "1-0"]
[Termination "normal"]
[Board "2"]
[WhiteElo "1994"]
[BlackElo "2111"]
[WhiteClock "00:06:00"]
[BlackClock "00:01:07"]
[PlyCount "97"]
[WhiteFideId "12947156"]
[BlackFideId "12962554"]
[EventCountry "GER"]
[EventRounds "9"]
[EventType "swiss"]
[EventDate "2019.06.08"]

1. e4 {[%clk 1:30:57]} 1... c5 {[%clk 1:30:52]} 2. Nf3 {[%clk 1:31:19]} 2...
Nf6 {[%clk 1:31:16]} 3. Nc3 {[%clk 1:31:31]} 3... d5 {[%clk 1:31:38]} 4. Bb5+ {
[%clk 1:31:22]} 4... Bd7 {[%clk 1:30:23]} 5. e5 {[%clk 1:30:22]} 5... Bxb5 {
[%clk 1:18:41]} 6. Nxb5 {[%clk 1:29:56]} 6... Nfd7 {[%clk 1:18:23]} 7. e6 {
[%clk 1:29:05]} 7... fxe6 {[%clk 1:08:49]} 8. O-O {[%clk 1:24:27]} 8... Qb6 {
[%clk 1:01:16]} 9. Qe2 {[%clk 1:19:22]} 9... c4 {[%clk 0:55:00]} 10. Nc3 {
[%clk 1:14:11]} 10... Na6 {[%clk 0:50:20]} 11. d3 {[%clk 1:05:39]} 11... cxd3 {
[%clk 0:41:17]} 12. cxd3 {[%clk 1:05:25]} 12... d4 {[%clk 0:28:19]} 13. Ne4 {
[%clk 1:02:55]} 13... h6 {[%clk 0:19:57]} 14. Nfd2 {[%clk 0:52:13]} 14... g6 {
[%clk 0:17:42]} 15. Nc4 {[%clk 0:48:53]} 15... Qc6 {[%clk 0:15:27]} 16. Bf4 {
[%clk 0:32:57]} 16... Bg7 {[%clk 0:13:30]} 17. Rac1 {[%clk 0:25:16]} 17... Qd5
{[%clk 0:11:45]} 18. Qg4 {[%clk 0:25:05]} 18... Kf7 {[%clk 0:10:26]} 19. Rfe1 {
[%clk 0:23:07]} 19... e5 {[%clk 0:05:52]} 20. Bg3 {[%clk 0:21:00]} 20... Qe6 {
[%clk 0:04:39]} 21. Qe2 {[%clk 0:18:50]} 21... Rhf8 {[%clk 0:03:51]} 22. Ned2 {
[%clk 0:15:36]} 22... Kg8 {[%clk 0:03:05]} 23. Nf3 {[%clk 0:14:21]} 23... Qf5 {
[%clk 0:02:12]} 24. Ncxe5 {[%clk 0:13:23]} 24... Nxe5 {[%clk 0:02:04]} 25. Nxe5
{[%clk 0:13:19]} 25... Rac8 {[%clk 0:02:05]} 26. Nf3 {[%clk 0:07:55]} 26... Nb4
{[%clk 0:01:31]} 27. Nh4 {[%clk 0:06:06]} 27... Qf7 {[%clk 0:01:24]} 28. a3 {
[%clk 0:05:46]} 28... g5 {[%clk 0:01:06]} 29. Nf3 {[%clk 0:05:31]} 29... Nd5 {
[%clk 0:01:18]} 30. Qe4 {[%clk 0:03:33]} 30... Rxc1 {[%clk 0:00:48]} 31. Rxc1 {
[%clk 0:03:57]} 31... Qf5 {[%clk 0:01:11]} 32. Nd2 {[%clk 0:02:22]} 32... Qxe4
{[%clk 0:01:03]} 33. Nxe4 {[%clk 0:02:38]} 33... Kf7 {[%clk 0:00:56]} 34. f3 {
[%clk 0:01:06]} 34... Kg6 {[%clk 0:00:47]} 35. Nc5 {[%clk 0:01:07]} 35... Rc8 {
[%clk 0:01:01]} 36. Nb3 {[%clk 0:01:04]} 36... Rxc1+ {[%clk 0:00:56]} 37. Nxc1
{[%clk 0:01:29]} 37... Ne3 {[%clk 0:00:53]} 38. h4 {[%clk 0:00:50]} 38... Nf5 {
[%clk 0:01:09]} 39. Bb8 {[%clk 0:00:49]} 39... Nxh4 {[%clk 0:00:50]} 40. Bxa7 {
[%clk 0:00:56]} 40... Nf5 {[%clk 0:00:42]} 41. Nb3 {[%clk 0:28:51]} 41... e5 {
[%clk 0:20:36]} 42. a4 {[%clk 0:26:43]} 42... Nd6 {[%clk 0:07:29]} 43. Bb8 {
[%clk 0:20:16]} 43... Bf8 {[%clk 0:04:09]} 44. Nc5 {[%clk 0:11:06]} 44... b5 {
[%clk 0:01:08]} 45. Nd7 {[%clk 0:09:38]} 45... Be7 {[%clk 0:01:04]} 46. Bxd6 {
[%clk 0:05:16]} 46... Bxd6 {[%clk 0:01:26]} 47. a5 {[%clk 0:05:25]} 47... Kf7 {
[%clk 0:00:44]} 48. a6 {[%clk 0:05:41]} 48... Ke7 {[%clk 0:01:07]} 49. a7 {
[%clk 0:06:00]} 1-0

[Event "DEM U18w 2019"]
[Site "Willingen GER"]
[Date "2019.06.11"]
[Round "4"]
[White "Möller, Lisa-Marie"]
[Black "Nguyen, Ha Thanh"]
[Result "0-1"]
[Termination "normal"]
[Board "3"]
[WhiteElo "1900"]
[BlackElo "1940"]
[WhiteClock "00:11:40"]
[BlackClock "00:10:28"]
[PlyCount "80"]
[WhiteFideId "12959367"]
[BlackFideId "12942154"]
[EventCountry "GER"]
[EventRounds "9"]
[EventType "swiss"]
[EventDate "2019.06.08"]

1. e4 {[%clk 1:30:59]} 1... c5 {[%clk 1:30:55]} 2. Nf3 {[%clk 1:31:25]} 2...
Nc6 {[%clk 1:31:21]} 3. Bb5 {[%clk 1:31:51]} 3... g6 {[%clk 1:31:44]} 4. Bxc6 {
[%clk 1:32:16]} 4... dxc6 {[%clk 1:32:07]} 5. h3 {[%clk 1:32:38]} 5... Bg7 {
[%clk 1:32:29]} 6. d3 {[%clk 1:32:59]} 6... b6 {[%clk 1:32:37]} 7. Nc3 { [%clk
1:32:40]} 7... e5 {[%clk 1:32:45]} 8. Be3 {[%clk 1:32:32]} 8... Ne7 { [%clk
1:32:39]} 9. Qd2 {[%clk 1:32:21]} 9... h6 {[%clk 1:31:30]} 10. Nh2 { [%clk
1:19:56]} 10... Be6 {[%clk 1:10:05]} 11. O-O {[%clk 1:16:06]} 11... g5 { [%clk
1:01:19]} 12. a4 {[%clk 1:10:00]} 12... Ng6 {[%clk 0:56:40]} 13. a5 { [%clk
1:04:58]} 13... O-O {[%clk 0:54:53]} 14. axb6 {[%clk 1:01:52]} 14... axb6
{[%clk 0:53:18]} 15. Ra4 {[%clk 0:59:14]} 15... Rxa4 {[%clk 0:49:09]} 16. Nxa4
{[%clk 0:59:32]} 16... Qc7 {[%clk 0:49:22]} 17. b4 {[%clk 0:51:24]} 17... Ra8 {
[%clk 0:48:21]} 18. Nb2 {[%clk 0:50:46]} 18... Ra2 {[%clk 0:45:51]} 19. Rb1 {
[%clk 0:48:41]} 19... cxb4 {[%clk 0:44:19]} 20. Qxb4 {[%clk 0:48:38]} 20... c5
{[%clk 0:44:05]} 21. Qc3 {[%clk 0:45:09]} 21... Nf4 {[%clk 0:43:06]} 22. Kf1 {
[%clk 0:42:09]} 22... Qa7 {[%clk 0:36:07]} 23. Nc4 {[%clk 0:39:48]} 23... b5 {
[%clk 0:32:06]} 24. Nd6 {[%clk 0:35:02]} 24... b4 {[%clk 0:29:49]} 25. Qxc5 {
[%clk 0:34:10]} 25... Qxc5 {[%clk 0:30:06]} 26. Bxc5 {[%clk 0:34:37]} 26...
Rxc2 {[%clk 0:30:25]} 27. Bxb4 {[%clk 0:32:50]} 27... Nxd3 {[%clk 0:28:42]} 28.
Be1 {[%clk 0:31:04]} 28... Kh7 {[%clk 0:23:56]} 29. Ng4 {[%clk 0:26:49]} 29...
Kg6 {[%clk 0:20:51]} 30. Ne3 {[%clk 0:24:41]} 30... Rc6 {[%clk 0:18:09]} 31.
Nef5 {[%clk 0:23:14]} 31... Bf8 {[%clk 0:17:14]} 32. Rd1 {[%clk 0:16:12]} 32...
Bxd6 {[%clk 0:17:03]} 33. Rxd3 {[%clk 0:14:38]} 33... Bc4 {[%clk 0:17:24]} 34.
Ke2 {[%clk 0:14:28]} 34... Ra6 {[%clk 0:14:44]} 35. Ne3 {[%clk 0:12:15]} 35...
Ra2+ {[%clk 0:14:25]} 36. Bd2 {[%clk 0:12:32]} 36... Ba6 {[%clk 0:12:52]} 37.
Nd1 {[%clk 0:12:11]} 37... Bb4 {[%clk 0:12:57]} 38. Ke3 {[%clk 0:11:51]} 38...
Bc5+ {[%clk 0:11:09]} 39. Ke2 {[%clk 0:12:12]} 39... Ra3 {[%clk 0:10:34]} 40.
Nc3 {[%clk 0:11:40]} 40... Bd4 {[%clk 0:10:28]} 0-1

[Event "DEM U18w 2019"]
[Site "Willingen GER"]
[Date "2019.06.11"]
[Round "4"]
[White "Tampe, Friederike"]
[Black "Alferova, Ekaterina"]
[Result "1/2-1/2"]
[Termination "normal"]
[Board "9"]
[WhiteElo "1512"]
[BlackElo "1597"]
[WhiteClock "00:25:07"]
[BlackClock "00:23:02"]
[PlyCount "87"]
[WhiteFideId "12973939"]
[BlackFideId "16217250"]
[EventCountry "GER"]
[EventRounds "9"]
[EventType "swiss"]
[EventDate "2019.06.08"]

1. e4 {[%clk 1:30:57]} 1... c6 {[%clk 1:30:53]} 2. d4 {[%clk 1:31:21]} 2... d5
{[%clk 1:31:18]} 3. exd5 {[%clk 1:31:45]} 3... cxd5 {[%clk 1:31:41]} 4. Bd3 {
[%clk 1:32:08]} 4... Nc6 {[%clk 1:32:05]} 5. c3 {[%clk 1:32:34]} 5... Qc7 {
[%clk 1:32:23]} 6. Ne2 {[%clk 1:32:54]} 6... Nf6 {[%clk 1:31:59]} 7. Nd2 {
[%clk 1:25:25]} 7... e6 {[%clk 1:30:15]} 8. O-O {[%clk 1:21:23]} 8... Bd6 {
[%clk 1:30:30]} 9. h3 {[%clk 1:21:44]} 9... O-O {[%clk 1:30:35]} 10. Qc2 {
[%clk 1:20:57]} 10... h6 {[%clk 1:30:21]} 11. Nf3 {[%clk 1:20:32]} 11... Bd7 {
[%clk 1:30:20]} 12. Be3 {[%clk 1:20:24]} 12... Rac8 {[%clk 1:30:29]} 13. Qc1 {
[%clk 1:18:16]} 13... Ne7 {[%clk 1:19:24]} 14. Nh4 {[%clk 1:08:51]} 14... Nf5 {
[%clk 1:11:18]} 15. Nxf5 {[%clk 1:07:00]} 15... exf5 {[%clk 1:10:38]} 16. Bf4 {
[%clk 1:05:12]} 16... Nh5 {[%clk 1:08:09]} 17. Bxd6 {[%clk 1:03:35]} 17... Qxd6
{[%clk 1:08:31]} 18. Qd1 {[%clk 0:58:43]} 18... Rfe8 {[%clk 0:57:06]} 19. Nc1 {
[%clk 0:52:39]} 19... Nf4 {[%clk 0:55:53]} 20. Bc2 {[%clk 0:52:55]} 20... Qe6 {
[%clk 0:48:54]} 21. Kh1 {[%clk 0:41:17]} 21... Bb5 {[%clk 0:45:14]} 22. Nd3 {
[%clk 0:37:23]} 22... Qd6 {[%clk 0:30:53]} 23. Re1 {[%clk 0:31:39]} 23... Rxe1+
{[%clk 0:24:14]} 24. Nxe1 {[%clk 0:32:08]} 24... Re8 {[%clk 0:21:05]} 25. Bxf5
{[%clk 0:24:13]} 25... Re2 {[%clk 0:20:16]} 26. Bd3 {[%clk 0:24:20]} 26...
Rxe1+ {[%clk 0:17:00]} 27. Qxe1 {[%clk 0:24:41]} 27... Nxd3 {[%clk 0:14:27]}
28. Qd2 {[%clk 0:20:18]} 28... Qf6 {[%clk 0:13:24]} 29. Kg1 {[%clk 0:20:17]}
29... Nf4 {[%clk 0:13:04]} 30. Qe3 {[%clk 0:18:13]} 30... Qg5 {[%clk 0:12:35]}
31. Qf3 {[%clk 0:18:29]} 31... Be2 {[%clk 0:10:45]} 32. Qg3 {[%clk 0:18:49]}
32... Qxg3 {[%clk 0:04:38]} 33. fxg3 {[%clk 0:19:17]} 33... Ne6 {[%clk 0:04:59]
} 34. Kf2 {[%clk 0:18:56]} 34... Bb5 {[%clk 0:04:55]} 35. Rc1 {[%clk 0:18:38]}
35... Kf8 {[%clk 0:05:07]} 36. b3 {[%clk 0:18:08]} 36... Bc6 {[%clk 0:05:17]}
37. Ke3 {[%clk 0:17:40]} 37... Ke7 {[%clk 0:04:04]} 38. Rc2 {[%clk 0:16:39]}
38... Kd6 {[%clk 0:03:40]} 39. c4 {[%clk 0:15:19]} 39... b6 {[%clk 0:03:20]}
40. g4 {[%clk 0:10:36]} 40... f6 {[%clk 0:01:32]} 41. h4 {[%clk 0:06:54]} 41...
a6 {[%clk 0:29:39]} 42. g3 {[%clk 0:36:19]} 42... Bd7 {[%clk 0:28:14]} 43. Rd2
{[%clk 0:28:24]} 43... a5 {[%clk 0:23:02]} 44. Kf3 {[%clk 0:25:07]} 1/2-1/2

[Event "DEM U18w 2019"]
[Site "Willingen GER"]
[Date "2019.06.11"]
[Round "4"]
[White "Schneider, Xenia"]
[Black "Trams, Emma Joe"]
[Result "0-1"]
[Termination "normal"]
[Board "10"]
[WhiteElo "1364"]
[BlackElo "1418"]
[WhiteClock "00:40:58"]
[BlackClock "01:08:10"]
[PlyCount "48"]
[WhiteFideId "12911984"]
[BlackFideId "16206517"]
[EventCountry "GER"]
[EventRounds "9"]
[EventType "swiss"]
[EventDate "2019.06.08"]

1. e4 {[%clk 1:30:57]} 1... e5 {[%clk 1:30:56]} 2. d4 {[%clk 1:31:11]} 2...
exd4 {[%clk 1:31:06]} 3. Bc4 {[%clk 1:31:31]} 3... d6 {[%clk 1:31:00]} 4. Qxd4
{[%clk 1:30:24]} 4... Nc6 {[%clk 1:30:58]} 5. Qc3 {[%clk 1:30:27]} 5... Nf6 {
[%clk 1:30:49]} 6. Qe3 {[%clk 1:22:31]} 6... Be7 {[%clk 1:30:31]} 7. Nf3 {
[%clk 1:22:25]} 7... O-O {[%clk 1:30:11]} 8. Bd2 {[%clk 1:21:31]} 8... Ne5 {
[%clk 1:28:39]} 9. Nxe5 {[%clk 1:19:49]} 9... dxe5 {[%clk 1:29:01]} 10. Bc3 {
[%clk 1:19:05]} 10... Bd6 {[%clk 1:28:54]} 11. Nd2 {[%clk 1:19:01]} 11... Re8 {
[%clk 1:28:34]} 12. O-O-O {[%clk 1:19:03]} 12... Be6 {[%clk 1:27:43]} 13. Be2 {
[%clk 1:12:57]} 13... Qe7 {[%clk 1:26:23]} 14. Qg3 {[%clk 1:12:33]} 14... Bd7 {
[%clk 1:23:30]} 15. h4 {[%clk 0:59:40]} 15... h6 {[%clk 1:22:11]} 16. h5 {
[%clk 0:58:25]} 16... a5 {[%clk 1:21:04]} 17. f3 {[%clk 0:54:39]} 17... b5 {
[%clk 1:20:45]} 18. b3 {[%clk 0:53:01]} 18... a4 {[%clk 1:19:31]} 19. Nf1 {
[%clk 0:50:19]} 19... axb3 {[%clk 1:18:39]} 20. axb3 {[%clk 0:49:49]} 20... Bb4
{[%clk 1:15:39]} 21. Qe1 {[%clk 0:44:20]} 21... Ra1+ {[%clk 1:10:39]} 22. Kb2 {
[%clk 0:44:08]} 22... Bxc3+ {[%clk 1:10:58]} 23. Kxc3 {[%clk 0:44:30]} 23...
Qc5+ {[%clk 1:08:03]} 24. Kd3 {[%clk 0:40:58]} 24... Qd4# {[%clk 1:08:10]} 0-1

[Event "DEM U18w 2019"]
[Site "Willingen GER"]
[Date "2019.06.11"]
[Round "4"]
[White "Mundt, Alexandra"]
[Black "Peters, Jenna Maria Lara"]
[Result "1/2-1/2"]
[Termination "normal"]
[Board "12"]
[WhiteElo "1799"]
[BlackElo "1594"]
[WhiteClock "00:04:53"]
[BlackClock "00:01:44"]
[PlyCount "60"]
[WhiteFideId "16217276"]
[BlackFideId "16205464"]
[EventCountry "GER"]
[EventRounds "9"]
[EventType "swiss"]
[EventDate "2019.06.08"]

1. e4 {[%clk 1:30:59]} 1... e5 {[%clk 1:30:54]} 2. Nf3 {[%clk 1:31:25]} 2...
Nc6 {[%clk 1:31:17]} 3. Bb5 {[%clk 1:31:47]} 3... Nf6 {[%clk 1:31:19]} 4. O-O {
[%clk 1:31:48]} 4... Nxe4 {[%clk 1:31:41]} 5. Re1 {[%clk 1:32:07]} 5... Nd6 {
[%clk 1:14:28]} 6. Bxc6 {[%clk 1:25:52]} 6... dxc6 {[%clk 1:09:05]} 7. Nxe5 {
[%clk 1:24:57]} 7... Be7 {[%clk 1:03:15]} 8. Qe2 {[%clk 1:15:16]} 8... Be6 {
[%clk 0:58:08]} 9. Nf3 {[%clk 1:07:50]} 9... Nf5 {[%clk 0:53:00]} 10. c3 {
[%clk 1:06:53]} 10... O-O 11. d4 11... h6 {[%clk 0:43:35]} 12. Bf4 { [%clk
1:04:15]} 12... g5 {[%clk 0:22:14]} 13. Bd2 {[%clk 0:59:36]} 13... c5 { [%clk
0:14:18]} 14. dxc5 {[%clk 0:55:13]} 14... Bxc5 15. Qb5 {[%clk 0:49:19]} 15...
Bb6 {[%clk 0:12:20]} 16. Bc1 {[%clk 0:42:44]} 16... Qd5 {[%clk 0:09:25]} 17.
Qa4 {[%clk 0:34:56]} 17... Qc4 {[%clk 0:05:46]} 18. Qc2 {[%clk 0:33:37]} 18...
Rad8 {[%clk 0:05:28]} 19. Ne5 {[%clk 0:29:49]} 19... Qd5 {[%clk 0:04:08]} 20.
Nd2 {[%clk 0:25:38]} 20... Ne3 {[%clk 0:02:55]} 21. fxe3 {[%clk 0:22:15]} 21...
Qxe5 {[%clk 0:03:05]} 22. Nf3 {[%clk 0:22:34]} 22... Bf5 {[%clk 0:02:06]} 23.
Qe2 {[%clk 0:21:34]} 23... Qe4 {[%clk 0:01:45]} 24. Nd4 {[%clk 0:20:16]} 24...
Bg4 {[%clk 0:01:16]} 25. Qf1 {[%clk 0:18:46]} 25... Rfe8 {[%clk 0:01:24]} 26.
h3 {[%clk 0:10:34]} 26... Bh5 {[%clk 0:01:39]} 27. Nf5 {[%clk 0:08:26]} 27...
Kh7 {[%clk 0:01:29]} 28. Ng3 {[%clk 0:08:02]} 28... Qh4 {[%clk 0:01:04]} 29.
Nf5 {[%clk 0:04:50]} 29... Qe4 {[%clk 0:01:22]} 30. Ng3 {[%clk 0:04:53]} 30...
Qh4 {[%clk 0:01:44]} 1/2-1/2

[Event "DEM U18w 2019"]
[Site "Willingen GER"]
[Date "2019.06.11"]
[Round "4"]
[White "Gesell, Patricia"]
[Black "Gauchel, Verena"]
[Result "0-1"]
[Termination "normal"]
[Board "13"]
[WhiteElo "1046"]
[BlackElo "1534"]
[WhiteClock "00:27:24"]
[BlackClock "00:28:13"]
[PlyCount "62"]
[WhiteFideId "16286960"]
[BlackFideId "12988537"]
[EventCountry "GER"]
[EventRounds "9"]
[EventType "swiss"]
[EventDate "2019.06.08"]

1. Nf3 {[%clk 1:30:56]} 1... Nf6 {[%clk 1:30:55]} 2. c4 {[%clk 1:28:31]} 2...
c6 3. g3 {[%clk 1:27:57]} 3... g6 {[%clk 1:29:33]} 4. Bg2 {[%clk 1:26:44]} 4...
Bg7 {[%clk 1:27:41]} 5. Nc3 {[%clk 1:22:17]} 5... d5 {[%clk 1:27:19]} 6. cxd5 {
[%clk 1:21:05]} 6... cxd5 {[%clk 1:26:02]} 7. O-O {[%clk 1:17:36]} 7... O-O {
[%clk 1:24:03]} 8. Rb1 {[%clk 1:12:23]} 8... Nc6 {[%clk 1:14:00]} 9. b3 { [%clk
1:08:56]} 9... Ne4 {[%clk 1:08:58]} 10. Bb2 {[%clk 1:03:55]} 10... Bf5 { [%clk
1:02:35]} 11. Nxe4 {[%clk 1:01:42]} 11... dxe4 12. Bxg7 12... exf3 { [%clk
0:50:02]} 13. Bxf8 {[%clk 0:54:33]} 13... fxg2 {[%clk 0:49:04]} 14. Kxg2 {[%clk
0:53:06]} 14... Bxb1 {[%clk 0:48:06]} 15. Qxb1 15... Qxf8 { [%clk 0:47:08]} 16.
Qb2 {[%clk 0:50:01]} 16... Qg7 17. Qa3 {[%clk 0:42:55]} 17... Qe5 {[%clk
0:39:19]} 18. e3 {[%clk 0:41:49]} 18... Qd5+ {[%clk 0:39:16]} 19. Kg1 {[%clk
0:40:01]} 19... Qxd2 {[%clk 0:39:21]} 20. Ra1 {[%clk 0:37:19]} 20... Rd8 {[%clk
0:35:33]} 21. Qc5 {[%clk 0:33:12]} 21... Qb2 {[%clk 0:34:31]} 22. Qc1 {[%clk
0:32:30]} 22... Rd2 {[%clk 0:33:03]} 23. Qxb2 {[%clk 0:31:43]} 23... Rxb2
{[%clk 0:33:29]} 24. Kf1 {[%clk 0:31:07]} 24... Nb4 {[%clk 0:31:36]} 25. a3
{[%clk 0:30:30]} 25... Nc2 {[%clk 0:31:22]} 26. Rc1 {[%clk 0:29:50]} 26... Nxa3
{[%clk 0:31:24]} 27. Rc7 {[%clk 0:29:56]} 27... Rxb3 {[%clk 0:31:44] } 28. Rxe7
{[%clk 0:30:17]} 28... a5 {[%clk 0:31:24]} 29. f4 {[%clk 0:29:41]} 29... Kf8
{[%clk 0:28:59]} 30. Re5 {[%clk 0:28:34]} 30... Nc4 {[%clk 0:28:06]} 31. Rc5
{[%clk 0:27:24]} 31... Nxe3+ {[%clk 0:28:13]} 0-1

[Event "DEM U18w 2019"]
[Site "Willingen GER"]
[Date "2019.06.12"]
[Round "5"]
[White "Ziegenfuß, Antonia"]
[Black "Schulze, Lara"]
[Result "0-1"]
[Termination "normal"]
[Board "2"]
[BlackTitle "WFM"]
[WhiteElo "2111"]
[BlackElo "2160"]
[WhiteClock "00:01:56"]
[BlackClock "00:01:14"]
[PlyCount "112"]
[WhiteFideId "12962554"]
[BlackFideId "12956830"]
[EventCountry "GER"]
[EventRounds "9"]
[EventType "swiss"]
[EventDate "2019.06.08"]

1. d4 {[%clk 1:30:57]} 1... Nf6 {[%clk 1:30:59]} 2. Nf3 {[%clk 1:31:21]} 2...
e6 {[%clk 1:31:13]} 3. Bf4 {[%clk 1:31:41]} 3... d5 {[%clk 1:30:35]} 4. e3 {
[%clk 1:31:50]} 4... c5 {[%clk 1:30:43]} 5. c3 {[%clk 1:32:05]} 5... Nc6 {
[%clk 1:28:48]} 6. Nbd2 {[%clk 1:32:18]} 6... cxd4 {[%clk 1:28:31]} 7. cxd4 {
[%clk 1:27:58]} 7... Be7 {[%clk 1:19:20]} 8. h3 {[%clk 1:21:23]} 8... O-O {
[%clk 1:16:57]} 9. Be2 {[%clk 1:12:17]} 9... Bd6 {[%clk 1:15:32]} 10. Bxd6 {
[%clk 1:03:01]} 10... Qxd6 {[%clk 1:15:28]} 11. O-O {[%clk 1:02:22]} 11... Bd7
{[%clk 1:13:08]} 12. Rc1 {[%clk 0:58:41]} 12... Rfc8 {[%clk 1:10:13]} 13. Bb5 {
[%clk 0:50:18]} 13... Ne7 {[%clk 0:57:21]} 14. Bd3 {[%clk 0:42:02]} 14... Qb6 {
[%clk 0:54:58]} 15. Qb3 {[%clk 0:38:30]} 15... Nc6 {[%clk 0:49:20]} 16. Qa3 {
[%clk 0:24:26]} 16... Nb4 {[%clk 0:37:52]} 17. Ne5 {[%clk 0:22:15]} 17... Nxd3
{[%clk 0:35:23]} 18. Nxd3 {[%clk 0:22:38]} 18... Bb5 {[%clk 0:32:24]} 19. Rxc8+
{[%clk 0:19:08]} 19... Rxc8 {[%clk 0:32:53]} 20. Rc1 {[%clk 0:19:25]} 20...
Rxc1+ {[%clk 0:31:11]} 21. Nxc1 {[%clk 0:19:50]} 21... Qc7 {[%clk 0:24:53]} 22.
Ncb3 {[%clk 0:15:44]} 22... b6 {[%clk 0:24:32]} 23. Qb4 {[%clk 0:10:52]} 23...
Be8 {[%clk 0:22:23]} 24. f3 {[%clk 0:03:53]} 24... a5 {[%clk 0:12:05]} 25. Qc3
{[%clk 0:04:08]} 25... Qxc3 {[%clk 0:11:57]} 26. bxc3 {[%clk 0:04:33]} 26...
Bb5 {[%clk 0:11:07]} 27. Kf2 {[%clk 0:03:32]} 27... Kf8 {[%clk 0:11:24]} 28. e4
{[%clk 0:03:12]} 28... Ke7 {[%clk 0:11:04]} 29. Ke3 {[%clk 0:03:27]} 29... g5 {
[%clk 0:08:00]} 30. Nc1 {[%clk 0:02:06]} 30... Nh5 {[%clk 0:06:20]} 31. Kf2 {
[%clk 0:01:00]} 31... Nf4 {[%clk 0:03:52]} 32. Nf1 {[%clk 0:00:52]} 32... dxe4
{[%clk 0:01:49]} 33. fxe4 {[%clk 0:01:07]} 33... Bc6 {[%clk 0:02:13]} 34. Nd2 {
[%clk 0:01:03]} 34... f5 {[%clk 0:02:32]} 35. exf5 {[%clk 0:00:50]} 35... exf5
{[%clk 0:01:54]} 36. Nf3 {[%clk 0:01:09]} 36... h6 {[%clk 0:01:23]} 37. Ne1 {
[%clk 0:01:19]} 37... Bd5 {[%clk 0:01:15]} 38. a3 {[%clk 0:01:20]} 38... Bc4 {
[%clk 0:01:11]} 39. Ke3 {[%clk 0:01:13]} 39... Nd5+ {[%clk 0:00:53]} 40. Kd2 {
[%clk 0:01:23]} 40... f4 {[%clk 0:00:43]} 41. Ncd3 {[%clk 0:21:31]} 41... Ne3 {
[%clk 0:26:43]} 42. Ke2 {[%clk 0:20:37]} 42... Ke6 {[%clk 0:21:38]} 43. g4 {
[%clk 0:13:32]} 43... a4 {[%clk 0:15:30]} 44. Kd2 {[%clk 0:06:47]} 44... Nf1+ {
[%clk 0:06:11]} 45. Kc1 {[%clk 0:03:40]} 45... Ng3 {[%clk 0:04:02]} 46. Ne5 {
[%clk 0:02:32]} 46... Bf1 {[%clk 0:03:55]} 47. h4 {[%clk 0:01:20]} 47... gxh4 {
[%clk 0:03:17]} 48. Ng6 {[%clk 0:01:27]} 48... Ne2+ {[%clk 0:03:05]} 49. Kd2 {
[%clk 0:01:32]} 49... h3 {[%clk 0:02:58]} 50. Nf3 {[%clk 0:01:49]} 50... Kf6 {
[%clk 0:02:13]} 51. Nge5 {[%clk 0:01:18]} 51... Ng3 {[%clk 0:01:50]} 52. Nd7+ {
[%clk 0:01:20]} 52... Ke6 {[%clk 0:01:35]} 53. Nxb6 {[%clk 0:01:21]} 53... Bg2
{[%clk 0:01:24]} 54. d5+ {[%clk 0:01:11]} 54... Kd6 {[%clk 0:00:58]} 55. Nc4+ {
[%clk 0:01:33]} 55... Kxd5 {[%clk 0:01:14]} 56. Nce5 {[%clk 0:01:56]} 56... Ke4
0-1